000 00904nam a22002657a 4500
003 UA-OsUOA
001 50300
007 ta
008 20140602b un ||||| |||| 00| 0 ukr d
100 _aАлексєєв Ю.
700 _aКульчицький С.
700 _aСлюсаренко А.
090 _a94(477).13-14
_bУ45
942 _cBK
040 _aUA-OsUOA
_bukr
_cUA-OsUOA
_dUA-OsUOA
245 _aУкраїна на зламі історичних епох (Державотворчий процес 1986-1999 рр.)
_bНавчальний посібник
300 _a296 с.
955 _a1
041 _aukr
080 _a94(477).13-14
260 _aК.
_bЕксОб
_c2000
650 7 _a9 Географія. Біографії. Історія
_2UDC
999 _c430419
_d430419